000 00621nam a2200241Ia 4500
003 OSt
005 20221007082238.0
006 a|||||r|||| 00| 0
007 ta
008 221006b |||||||| |||| 00| 0 eng d
024 _a7,070
037 _cReference Collections
040 _aFLL
_cFLL
_beng
041 _2eng
_aeng
082 _aYk, K8.4
100 _aSills David L. Ed.
245 0 _aInternational encyclopedia of the social sciences
260 _c1968
300 _a545p
_ccm.
490 _vV4
942 _hYk, K8.4
_cREF
_2CC
999 _c1165808
_d1165808